Platební bilance 2003 Česká národní banka

Salvato in:
Dettagli Bibliografici
Natura: Libro
Lingua:ceco
Pubblicazione: Praha Česká národní banka 2003
Soggetti:
Tags: Aggiungi Tag
Nessun Tag, puoi essere il primo ad aggiungerne!!

MARC

LEADER 00000nam$a2200000$$$4500
001 0019631
005 20240315114625.2
041 0 |a cze 
044 |a CZ 
245 1 0 |a Platební bilance 2003  |b Česká národní banka 
264 1 |a Praha  |b Česká národní banka  |c 2003 
300 |a 71 s.  |e 1 CD-ROM 
610 2 0 |a bilancie 
610 2 0 |a účty 
610 2 0 |a bilancia obchodná 
610 2 0 |a obchod zahraničný 
610 2 0 |a služby 
610 2 0 |a výnosy 
610 2 0 |a účty kapitálové 
610 2 0 |a účty finančné 
610 2 0 |a investície priame zahraničné 
610 2 0 |a zadlženosť zahraničná 
610 2 0 |a údaje štatistické 
610 2 0 |a ukazovatele ekonomické 
610 2 0 |a ČNB Praha 
610 2 0 |a 2003